Diseño y construcción de una turbina Pelton
Збережено в:
| Автор: | |
|---|---|
| Інші автори: | |
| Формат: | Книга |
| Опубліковано: |
San José, Costa Rica
1991
|
| Предмети: | |
| Теги: |
Додати тег
Немає тегів, Будьте першим, хто поставить тег для цього запису!
|
MARC
| LEADER | 00000nam a2200000Ia 4500 | ||
|---|---|---|---|
| 003 | 005147 | ||
| 005 | 20221231144328.0 | ||
| 008 | 140114s1991 cr a m 000 ||s d | ||
| 040 | |c cru CEDI | ||
| 090 | |a TFG 2450 | ||
| 100 | |a Siles Chacón, Manuel Alberto |9 12753 | ||
| 245 | |a Diseño y construcción de una turbina Pelton | ||
| 260 | |c 1991 |a San José, Costa Rica | ||
| 300 | |a v, 122 hojas : ilustraciones (algunas plegables) ; 28 cm. | ||
| 500 | |a Tesis (licenciatura en ingeniería mecánica)--Universidad de Costa Rica. Facultad de Ingeniería. Escuela de Ingeniería Mecánica | ||
| 650 | |x TURBINAS HIDRAULICAS - DISEÑO Y CONSTRUCCION |9 12755 | ||
| 700 | |9 12754 |a Solís Rojas, Carlos Mariano | ||
| 942 | |c TFG |2 ddc | ||
| 999 | |c 20232 |d 20232 | ||
